<?xml version="1.0" encoding="UTF-8"?>
<marc:record xmlns:marc="http://www.loc.gov/MARC21/slim">
   <marc:leader>00000nam a2200000 a 4500</marc:leader>
   <marc:datafield ind1="1" ind2=" " tag="100">
      <marc:subfield code="a">Wahba, Annabel</marc:subfield>
      <marc:subfield code="4">aut</marc:subfield>
      <marc:subfield code="e">Verfasser/-in</marc:subfield>
   </marc:datafield>
   <marc:datafield ind1="0" ind2="0" tag="245">
      <marc:subfield code="a">Chamäleon</marc:subfield>
   </marc:datafield>
   <marc:datafield ind1="0" ind2="0" tag="245">
      <marc:subfield code="b">Roman</marc:subfield>
   </marc:datafield>
   <marc:datafield ind1="0" ind2="0" tag="245">
      <marc:subfield code="c">Annabel Wahba</marc:subfield>
   </marc:datafield>
   <marc:datafield ind1=" " ind2="1" tag="264">
      <marc:subfield code="a">Köln</marc:subfield>
      <marc:subfield code="b">Eichborn</marc:subfield>
      <marc:subfield code="c">2022</marc:subfield>
   </marc:datafield>
   <marc:datafield ind1=" " ind2=" " tag="250">
      <marc:subfield code="a">1. Auflage 2022</marc:subfield>
   </marc:datafield>
   <marc:datafield ind1="1" ind2=" " tag="520">
      <marc:subfield code="a">Angaben aus der Verlagsmeldung ## ##  Chamäleon : Roman / von Annabel Wahba ## ##  #Annabel Wahba sitzt am Bett ihres schwer kranken Bruders André. Von einem Bild schaut der Totengott Anubis auf ihn herab. Sie erinnert sich an die gemeinsame Kindheit in der Kleinstadt, in der ihre deutsch-ägyptische Herkunft etwas Exotisches war. In Andrés letzten Stunden unternimmt die Erzählerin eine Reise in ihre Familiengeschichte. ## #Zu den Vorfahren im München des Zweiten Weltkriegs. Ins New York der Fünfzigerjahre, wo ihre Mutter einst arbeitete. Ins Nildelta, wo ihr Vater aufwuchs und die Eltern noch die Ehepartner für die Kinder aussuchten.  ## #Sie kann ihren Bruder nicht festhalten, dafür aber, was sie beide und ihre Eltern vor ihnen erlebt haben als ägyptisch-deutsche Chamäleons.</marc:subfield>
   </marc:datafield>
   <marc:datafield ind1=" " ind2=" " tag="020">
      <marc:subfield code="a">9783847900979</marc:subfield>
      <marc:subfield code="9">9783847900979</marc:subfield>
   </marc:datafield>
   <marc:datafield ind1=" " ind2=" " tag="041">
      <marc:subfield code="a">ger</marc:subfield>
   </marc:datafield>
   <marc:datafield ind1=" " ind2=" " tag="300">
      <marc:subfield code="a">288 Seiten</marc:subfield>
   </marc:datafield>
</marc:record>
